Top 10 Everton Premier League Scorers - Statistics

General Stats
  • This quiz has been taken 233 times
    196 since last reset
  • The average score is 5 of 11
Answer Stats
Player Goals % Correct
Romelu Lukaku 68
91%
Dominic Calvert-Lewin 57
73%
Duncan Ferguson 60
62%
Tim Cahill 57
62%
Richarlison 43
53%
Leighton Baines 29
51%
Leon Osman 43
40%
Kevin Mirallas 29
34%
Kevin Campbell 45
32%
David Unsworth 33
19%
Paul Rideout 29
12%
No matching quizzes found
Score Distribution
Percent of People with Each Score
Percentile by Number Answered
Your Score History
You have not taken this quiz since the last reset